00938 2200277 4500001002100000005001700021008004100038020002200079035002400101082001100125090001800136100001800154245023500172260002800407300002600435500003500461500002800496650002600524700002400550700002600574850000900600985000600609999001500615999001500630999001500645YOGYA-0209000007283220090227093647.0 ind  a978-979-025-097-0 0010-020900000072832 a371.27 a371.27bShi E aSHIRRAN, Alex aEvaluating StudentsbMengevaluasi siswa:cara guru mempertanggung jawabkan nilai yang mereka berikan pada siswa di hadapan orang tua,siswa dan kepala sekolahcAlex shirran;alih bahasa,Nien Bakti Soemanto;editor,A.Ariobimo Nusantara aJakartabGrasindoc2008 ax,167 hlmbilusc24cm aJudul asli:Evaluating Students aBibliografi:hlm 166-167 aPendidikan - Evaluasi aSumanto, Nien Bakti aNusantara, A.Ariobimo aBPAD a3 a08P0000977 a08P0000978 a08P0000979